Calculo integral / (Registro nro. 29306)
[ vista simple ]
| 000 -LÍDER | |
|---|---|
| fixed length control field | 00557nam a22002177a 4500 |
| 003 - IDENTIFICADOR DEL NÚMERO DE CONTROL | |
| control field | ITZ |
| 005 - FECHA Y HORA DE LA ULTIMA TRANSACCIÓN | |
| Campo de control | 20240304131440.0 |
| 008 - ELEMENTOS DE LONGITUD FIJA -- INFORMACIÓN GENERAL | |
| fixed length control field | 240304b |||||||| |||| 00| 0 spa d |
| 020 ## - NÚMERO INTERNACIONAL NORMALIZADO PARA LIBROS | |
| ISBN | 978-607-538-096-4 |
| 035 ## - Número de ficha (Janium) | |
| Número de ficha (Janium) | 17691 |
| 041 ## - CÓDIGO DE IDIOMA | |
| Código de idioma para texto/pista de sonido o título separado | spa |
| 050 ## - SIGNATURA TOPOGRAFICA DE LA BIBLIOTECA DEL CONGRESO (LC) | |
| Número de Clasificación | QA309 |
| Cutter | R35 2018 |
| 082 ## - NUMERO DE CLASIFICACION DECIMAL DEWEY | |
| Número de Clasificación | 515.43 |
| Cutter | R175c 2018 |
| 100 1# - ASIENTO PRINCIPAL--NOMBRE PERSONAL | |
| Nombre personal | Ramos Beltran, Jose Alfredo |
| 245 ## - TÍTULO | |
| Título | Calculo integral / |
| Mención de responsabilidad, etc. | Jose Alfredo Ramos Beltran |
| 250 ## - MENCIÓN DE EDICIÓN | |
| Mención de edición | 1 |
| 260 ## - PUBLICACIÓN, DISTRIBUCIÓN, ETC. (PIE DE IMPRENTA) | |
| Lugar de publicación, distribución, etc. | Mexico: |
| Nombre del editor, distribuidor, etc. | Alfaomega |
| Fecha de publicación, distribución, etc. | 2018 |
| 300 ## - DESCRIPCIÓN FÍSICA | |
| Extensión | xvl, 305p. |
| Otros detalles físicos | il./ |
| Dimensiones | 27 cm |
| 650 ## - ASIENTO SECUNDARIO DE MATERIA - TERMINO TEMÁTICO | |
| Término temático o nombre geográfico como elemento de entrada | 1. CALCULO INTEGRAL |
| 942 ## - TIPO DE MATERIAL (KOHA) | |
| Koha item type | Libros |
| No. biblioteca | No. biblioteca | Número de clasificación | Código de barras/Número de adquisición | Número de copia | Tipo de material | Otras carreras |
|---|---|---|---|---|---|---|
| ÁREA DE BÁSICAS | LUIS G. INCLAN | 515.43 2018 R175c 2018 | 54700 | 2 | Libros | LUIS G. INCLAN |
| ÁREA DE BÁSICAS | ÁREA DE BÁSICAS | 515.43 2018 R175c 2018 | 54699 | 1 | Libros | LUIS G. INCLAN |
